MRC programme for fisheries management and development cooperation
שמור ב:
| פורמט: | ספר |
|---|---|
| שפה: | Undetermined |
| יצא לאור: |
Bangkok
Prepared by the MRC Secretariat Fisheries Unit
1996
|
| נושאים: | |
| תגים: |
הוספת תג
אין תגיות, היה/י הראשונ/ה לתייג את הרשומה!
|
| Thư viện lưu trữ: | Trung tâm Học liệu Trường Đại học Cần Thơ |
|---|
| LEADER | 00507nam a2200157Ia 4500 | ||
|---|---|---|---|
| 001 | CTU_149631 | ||
| 008 | 210402s9999 xx 000 0 und d | ||
| 082 | |a 338.3 | ||
| 082 | |b M479 | ||
| 245 | 0 | |a MRC programme for fisheries management and development cooperation | |
| 260 | |a Bangkok | ||
| 260 | |b Prepared by the MRC Secretariat Fisheries Unit | ||
| 260 | |c 1996 | ||
| 650 | |a Fisheries management,Quản lý nghề cá | ||
| 904 | |i Nguyên | ||
| 980 | |a Trung tâm Học liệu Trường Đại học Cần Thơ | ||